Statistics for Name all NCT members

Click here to take the quiz!

General Stats

  • This quiz has been taken 10,123 times
  • The average score is 21 of 23

Answer Stats

Answer% Correct
Johnny
96%
Taeyong
96%
Lucas
94%
Taeil
94%
Ten
94%
Haechan
93%
WinWin
93%
Yuta
93%
Chenle
92%
Jaehyun
92%
Jaemin
92%
Jeno
92%
Jisung
92%
Doyoung
91%
Renjun
89%
YangYang
89%
Kun
88%
Shotaro
88%
Hendery
87%
Xiaojun
87%
Jungwoo
86%
Sungchan
84%
Mark Lee
70%

Score Distribution

Percentile by Number Answered

Percent of People with Each Score

Your Score History

You have not taken this quiz